I:llä alkavat Suomen kunnat - Statistics

Yleistilastot
  • Tätä visaa on pelattu 3 515 kertaa
  • Keskiarvotulos 9 / 11
Vastaustilastot
Maakunta Kunta % Oikein
Pohjois-Pohjanmaa Ii
99%
Pohjois-Savo Iisalmi
92%
Lappi Inari
92%
Etelä-Karjala Imatra
81%
Pohjois-Karjala Ilomantsi
79%
Uusimaa Inkoo
78%
Pirkanmaa Ikaalinen
77%
Etelä-Pohjanmaa Ilmajoki
77%
Päijät-Häme Iitti
73%
Etelä-Pohjanmaa Isojoki
69%
Etelä-Pohjanmaa Isokyrö
67%
Ehtoja vastaavia visoja ei löytynyt
Tulosjakauma
Jokaisen tuloksen saaneiden osuus
Persentiili vastausten määrän mukaan
Tuloshistoriasi
Et ole pelannut tätä visaa